| 000 | 00815nam a22001577a 4500 | ||
|---|---|---|---|
| 003 | OSt | ||
| 005 | 20161102150042.0 | ||
| 008 | 161102b xxu||||| |||| 00| 0 eng d | ||
| 040 | _cRUA | ||
| 082 | _aFOR KEO 2015 B524 Or. | ||
| 100 |
_911103 _aKEO BUNSREANG; កែវ ប៊ុនស្រៀង |
||
| 245 | _aStudy on the growth of Dalbergai chochichinese in situation as sapling near to hopea odorata plantation in R.U.A; សិក្សាលើការលូតលាស់របស់ឈើក្រញូងក្នុងស្ថានភាពជាព្រៃស្នាប់នៅក្បែរចំការគគីរនៃសាកលវិទ្យាល៍ភូមិន្ទកសិកម្ម | ||
| 260 |
_aPhnom Penh _bRUA _c2015 |
||
| 300 |
_ax; 33p. _bill. _c29cm. |
||
| 942 |
_2ddc _cFOR |
||
| 999 |
_c10678 _d10678 |
||